000 00698nam a22002297a 4500
001 2715
003 BD-RjUL
005 20211208233614.0
008 131215r19671956xxub|||| |||| 001 0 eng d
035 _a(BD-RjUL)2742
040 _aBD-RjUL
_beng
_cBD-RjUL
041 _aeng
082 _a380.971
_bEAC 1967
100 1 _aEasterbrook, W. T.
_98722
245 1 0 _aCanadian economic history. /
_cby W. T. Easterbrook, Hugh G. J. Aitken,
260 _aToronto :
_bThe Macmillan Company of Canada Ltd.,
_cc1956 [reprinted 1967].
300 _axii, 606 p. ;
_c24 cm.
504 _aincludes index.
650 0 _aCanada
_vEconomic conditions
_99134
700 1 _aAitken, Hugh G. J.
_98723
942 _2ddc
_cBK
999 _c2715
_d2715